[Event "Olympiad Women 2024"]
[Site "Budapest HUN"]
[Date "2024.09.15"]
[Round "5.17"]
[Board "3"]
[White "Gueci, Tea"]
[Black "Fronda, Jan Jodilyn"]
[Result "1/2-1/2"]
[WhiteElo "2199"]
[BlackElo "2165"]
[PlyCount "117"]
[EventDate "2024.09.11"]
[WhiteTeam "Italy"]
[BlackTeam "Philippines"]
[WhiteTeamCountry "ITA"]
[BlackTeamCountry "PHI"]

1. e4 c5 2. Nf3 d6 3. d4 cxd4 4. Nxd4 Nf6 5. Nc3 g6 6. Be3 a6 7. f3 b5 8. a4 b4 9. Na2 e5 10. Nb3 d5 11. exd5 Nxd5 12. Bf2 Nc6 13. Bd3 $146 ({RR} 13. Bc4 Be6 14. Qd2 Nf4 15. Bxe6 Nxe6 16. Qxd8+ Rxd8 17. Rd1 Rxd1+ 18. Kxd1 Bh6 19. Nc5 Ke7 20. Nxe6 Kxe6 21. Nc1 Rd8+ 22. Nd3 b3 23. Bc5 f5 24. Re1 Kf6 25. h4 Nd4 26. cxb3 Nxb3 27. Kc2 Rxd3 {0-1 Guo,E (2211)-Arenas,D (2366) 1000GM Spring Break 3 Gp1 2024 (1.1)}) 13... Be6 14. O-O Qg5 15. h4 Qd8 16. Qe1 Bg7 17. Nc5 Qc8 18. Be4 Rb8 19. Rd1 Nde7 20. Nxe6 Qxe6 21. Nc1 f5 22. Bd3 Na5 23. Nb3 Nxb3 24. cxb3 Qxb3 25. Qe2 e4 26. Bxa6 Qxb2 27. Bb5+ Kf8 28. Rd2 Qe5 29. fxe4 Bf6 30. Bd4 Qe6 31. Bxf6 Qxf6 32. exf5 gxf5 33. Qc4 Rg8 34. Qxb4 Kf7 35. Re1 Rgd8 36. Rde2 Nd5 37. Qb2 Qxh4 38. Qe5 Nf6 39. Qxf5 Rb7 40. Rf1 Kg7 41. Qf2 Qxf2+ 42. Rexf2 Ng4 43. Re2 Rd6 44. Rfe1 Kf6 45. Re4 h5 46. Be2 Kg5 47. a5 Rb2 48. Ra1 Rdd2 49. Bf1 Ra2 50. Ree1 Kf4 51. a6 Kg3 52. Rxa2 Rxa2 53. Be2 Ne3 54. Bf3 Nxg2 55. Bxg2 Rxg2+ 56. Kh1 Ra2 57. Re3+ Kf4 58. Re6 Kg3 59. Re3+ 1/2-1/2

[Event "Olympiad Women 2024"]
[Site "Budapest HUN"]
[Date "2024.09.15"]
[Round "5.17"]
[Board "4"]
[White "Canino, Ruelle"]
[Black "Sala, Giulia"]
[Result "1/2-1/2"]
[WhiteElo "2004"]
[BlackElo "2115"]
[PlyCount "200"]
[EventDate "2024.09.11"]
[WhiteTeam "Philippines"]
[BlackTeam "Italy"]
[WhiteTeamCountry "PHI"]
[BlackTeamCountry "ITA"]

1. c4 c5 2. Nf3 Nc6 3. g3 g6 4. Bg2 Bg7 5. O-O e6 6. Nc3 Nge7 7. d3 d6 8. Bd2 O-O 9. a3 b6 10. Rb1 Bb7 11. b4 Qd7 12. e3 ({RR} 12. h4 h6 13. Qc1 Kh7 14. h5 g5 15. Ne4 f5 16. Nexg5+ hxg5 17. Nxg5+ Kg8 18. Re1 e5 19. b5 Nd4 20. e3 Bxg2 21. Kxg2 Ne6 22. Nh3 d5 23. f4 Rad8 24. Bc3 e4 25. dxe4 dxe4 26. Bxg7 Nxg7 {0-1 Shapiro,V (2113)-Carow,J (2448) Titled Tue 24th Oct Early 2023 (7)}) 12... Rab8 13. Ne2 $146 ({RR} 13. Qc2 Rfc8 14. Rfc1 f5 15. Qa4 Rd8 16. Be1 Ba8 17. Rd1 e5 18. Qb3 h6 19. Nd5 cxb4 20. axb4 Nxd5 21. cxd5 Ne7 22. e4 g5 23. Bc3 Kh7 24. Ra1 Nc8 25. b5 Rf8 26. Nd2 f4 27. Nc4 h5 {1-0 Heck,N (2239)-Ernst,R (2071) Karl Mala Memorial op-A 17th 2014 (6)}) 13... Rfd8 14. d4 cxd4 15. exd4 Nf5 16. Bc3 Nce7 17. Qd3 Rbc8 18. Ba1 Ba6 19. b5 Bb7 20. Rfc1 Rc7 21. Bc3 d5 22. c5 bxc5 23. Ba5 c4 24. Qc3 Nd6 25. Bxc7 Qxc7 26. Qb4 Qb8 27. a4 Nef5 28. a5 Ne4 29. a6 Bc8 30. Qa5 Qb6 31. Qxb6 axb6 32. Ne5 Bxe5 33. dxe5 Nc5 34. Rc2 Bd7 35. Ra2 Ra8 36. g4 Ne7 37. Nd4 Nd3 38. Re2 g5 39. Re3 Ng6 40. Nf3 h6 41. Rxd3 cxd3 42. Bf1 Nf4 43. Ne1 Kg7 44. Nxd3 Nxd3 45. Bxd3 f6 46. exf6+ Kxf6 47. Rc1 Ra7 48. f3 Ke5 49. Kf2 Kd6 50. Kg3 Ra8 51. f4 gxf4+ 52. Kxf4 e5+ 53. Ke3 e4 54. Be2 Ke5 55. Rc7 d4+ 56. Kd2 Be8 57. Bf1 d3 58. Re7+ Kd6 59. Rh7 Bxb5 60. a7 Kc5 61. Ke3 Bc6 62. Bg2 Rd8 63. Rc7 d2 64. Rxc6+ Kxc6 65. Bxe4+ Kc5 66. Bf3 d1=Q 67. Bxd1 Ra8 68. h4 Rxa7 69. Kf4 Rf7+ 70. Ke5 Rf1 71. Bb3 Rh1 72. h5 Rf1 73. Bc2 Rf8 74. Ke6 b5 75. Ke7 Rf4 76. Bf5 b4 77. Kf6 b3 78. Kg7 Rxf5 79. gxf5 b2 80. f6 b1=Q 81. f7 Qb2+ 82. Kg8 Qg2+ 83. Kh8 Qf3 84. Kg7 Qc3+ 85. Kg8 Qg3+ 86. Kh7 Qf4 87. Kg7 Qe5+ 88. Kh7 Qf5+ 89. Kg7 Qg5+ 90. Kh7 Qe7 91. Kg8 Qe6 92. Kg7 Qe5+ 93. Kh7 Qf5+ 94. Kg7 Qxh5 95. f8=Q+ Kd5 96. Qa8+ Kd4 97. Qa1+ Ke4 98. Qe1+ Kf5 99. Qf2+ Kg5 100. Qe3+ Kh4 1/2-1/2

[Event "Olympiad Women 2024"]
[Site "Budapest HUN"]
[Date "2024.09.15"]
[Round "5.18"]
[Board "1"]
[White "Keinanen, Anastasia"]
[Black "Francisco Guecamburu, Candela Be"]
[Result "1/2-1/2"]
[WhiteElo "2212"]
[BlackElo "2294"]
[PlyCount "76"]
[EventDate "2024.09.11"]
[WhiteTeam "Finland"]
[BlackTeam "Argentina"]
[WhiteTeamCountry "FIN"]
[BlackTeamCountry "ARG"]

1. e4 e5 2. Nf3 Nc6 3. Bb5 Nge7 4. Nc3 Ng6 5. d4 exd4 6. Nxd4 Bc5 7. Nf5 O-O 8. Be3 Bxe3 9. Nxe3 d6 10. g3 $146 ({RR} 10. Qd2 a6 11. Bf1 Nge7 12. O-O-O f5 13. f4 Kh8 14. g3 fxe4 15. Nxe4 Nf5 16. Ng5 Nxe3 17. Qxe3 Bf5 18. Bd3 Qf6 19. Rhe1 h6 20. Bxf5 Qxf5 21. Ne6 Rfe8 22. Qb3 Na5 23. Qd3 Qxd3 24. Rxd3 Re7 {0-1 Bronstein,L (2380)-Bernat,M ARG-ch53 Buenos Aires 1976 (4)}) ({RR} 10. h4 h6 11. g3 Re8 12. Qd2 a6 13. Be2 b5 14. a3 Rb8 15. b4 Nce7 16. f4 f5 17. O-O Bd7 18. Bh5 Rf8 19. exf5 Bxf5 20. Nxf5 Rxf5 21. Bg4 Rf8 22. Be6+ Kh8 23. h5 Rf6 24. Ba2 Nf5 {1-0 Ivanovic,B (2520)-Lazic,M (2495) YUG-ch Kladovo 1990}) 10... Nge7 11. Bd3 Kh8 12. Qh5 Ne5 13. f4 Nxd3+ 14. cxd3 c6 15. d4 b5 16. O-O b4 17. Ne2 f5 18. e5 dxe5 19. fxe5 Ba6 20. Rad1 Qa5 21. Rf2 Bxe2 22. Qxe2 Qa4 23. a3 Qxa3 24. Re1 Qa2 25. Ref1 Qe6 26. Ng2 Nd5 27. Qh5 a5 28. g4 f4 29. Nxf4 Nxf4 30. Rxf4 Rxf4 31. Rxf4 a4 32. Qf5 Qxf5 33. gxf5 a3 34. bxa3 bxa3 35. Rf1 Kg8 36. Kf2 a2 37. Ra1 Ra4 38. Ke3 Kf7 1/2-1/2

[Event "Olympiad Women 2024"]
[Site "Budapest HUN"]
[Date "2024.09.15"]
[Round "5.70"]
[White "Campos, Maria Jose"]
[Black "Paasikangas, Johanna"]
[Result "1-0"]
[WhiteElo "2252"]
[BlackElo "2058"]
[PlyCount "79"]
[EventDate "2024.09.11"]
[WhiteTeam "Argentina"]
[BlackTeam "Finland"]
[WhiteTeamCountry "ARG"]
[BlackTeamCountry "FIN"]

1. c4 e6 2. g3 d5 3. Nf3 Nf6 4. Bg2 d4 5. O-O c5 6. e3 Nc6 7. exd4 cxd4 8. d3 Bc5 9. a3 a5 10. Bg5 h6 11. Bxf6 Qxf6 12. Nbd2 Qe7 13. Re1 O-O 14. Ne4 $146 ({RR} 14. Ne5 Nxe5 15. Rxe5 Qc7 16. f4 Bd6 17. Re1 e5 18. fxe5 Bxe5 19. Bd5 a4 20. Qf3 Ra6 21. Ne4 Kh8 22. Re2 f5 23. Nf2 Raf6 24. Rae1 Bd6 25. Re8 b6 26. Rxf8+ Rxf8 27. Nh3 f4 28. Nxf4 Bxf4 {1-0 Arabidze,M (2457)-Kiolbasa,O (2387) Swiss Queens Wed #16 2024 (5.175)}) 14... Ba7 15. Rc1 f5 16. Ned2 Qf6 17. c5 e5 18. b4 axb4 19. axb4 Bb8 20. b5 Ne7 21. Nc4 Ng6 22. Nfd2 Qf7 23. Nb6 Ra5 24. Nb3 Rxb5 25. Bd5 Be6 26. Bxe6 Qxe6 27. Nxd4 Qe8 28. Nxb5 Qxb5 29. Qf3 e4 30. dxe4 f4 31. Qe2 Qe8 32. Qh5 Kh7 33. Rc3 Be5 34. Rd3 Rf7 35. Nc4 fxg3 36. hxg3 Bc7 37. Nd6 Bxd6 38. Rxd6 Ne5 39. f4 g6 40. Qxe5 1-0

[Event "Olympiad Women 2024"]
[Site "Budapest HUN"]
[Date "2024.09.15"]
[Round "5.18"]
[Board "3"]
[White "Bederdin, Lilja"]
[Black "Borda Rodas, Anapaola S."]
[Result "0-1"]
[WhiteElo "2065"]
[BlackElo "2216"]
[PlyCount "88"]
[EventDate "2024.09.11"]
[WhiteTeam "Finland"]
[BlackTeam "Argentina"]
[WhiteTeamCountry "FIN"]
[BlackTeamCountry "ARG"]

1. e4 e5 2. Nf3 Nc6 3. Bc4 Bc5 4. c3 Nf6 5. d3 d6 6. O-O a6 7. Bb3 Ba7 8. Nbd2 h6 9. Re1 Nh7 10. Nf1 Qf6 11. Ne3 Bxe3 12. fxe3 Bg4 13. Qe2 $146 ({RR} 13. Rf1 Ng5 14. Qe1 O-O 15. Nxg5 Qxg5 16. Qf2 Bh5 17. Bd2 Kh8 18. Bd5 Bg6 19. Qe2 Nd8 20. Rae1 c6 {½-½ Kuehnel,L (1933)-Winterholler,C (1891) GER-ch U18 Girls 2013 (9)}) 13... Ng5 14. Bd1 Nxf3+ 15. gxf3 Bd7 16. Kh1 g5 17. f4 O-O-O 18. d4 gxf4 19. d5 Ne7 20. exf4 exf4 21. Qf2 Ng6 22. Bh5 Kb8 23. Bxg6 Qxg6 24. Bxf4 Bg4 25. Re3 Rde8 26. Rae1 Qh5 27. Kg1 f6 28. Rg3 Rhg8 29. Ree3 Bh3 30. Rxg8 Rxg8+ 31. Bg3 Qg5 32. Kh1 h5 33. c4 Qg4 34. Re1 h4 35. Bxh4 Bg2+ 36. Kg1 Bxe4+ 37. Bg3 f5 38. Qf1 Qg5 39. Qe2 Bxd5 40. cxd5 f4 41. Qd2 fxg3 42. Re8+ Ka7 43. Qxg5 gxh2+ 44. Kxh2 Rxg5 0-1

[Event "Olympiad Women 2024"]
[Site "Budapest HUN"]
[Date "2024.09.15"]
[Round "5.18"]
[Board "4"]
[White "Sarquis, Maria Belen"]
[Black "Puuska, Heini"]
[Result "1/2-1/2"]
[WhiteElo "2172"]
[BlackElo "1930"]
[PlyCount "73"]
[EventDate "2024.09.11"]
[WhiteTeam "Argentina"]
[BlackTeam "Finland"]
[WhiteTeamCountry "ARG"]
[BlackTeamCountry "FIN"]

1. e4 c5 2. Nf3 d6 3. d4 Nf6 4. Bd3 cxd4 5. Nxd4 g6 6. c4 Bg7 7. h3 O-O ({RR} 7... Nc6 8. Be3 Ng4 9. hxg4 Bxd4 10. Bxd4 Nxd4 11. Nc3 Qa5 12. f3 Be6 13. Qd2 Nb3 14. axb3 Qxa1+ 15. Nd1 Qa6 16. Qc3 f6 17. g5 O-O 18. gxf6 exf6 19. Ne3 Qa1+ 20. Nd1 b6 21. Kd2 Rac8 22. f4 {0-1 Sindarov,J (2701)-Vachier Lagrave,M (2731) World Rapid 2023 (12.5)}) 8. Be3 Nc6 9. Nc3 e6 10. Rc1 $146 ({RR} 10. O-O d5 11. exd5 exd5 12. Nxc6 bxc6 13. Bd4 Be6 14. cxd5 Nxd5 15. Bxg7 Kxg7 16. Qc1 Qf6 17. Ne4 Qd4 18. Rd1 Rac8 19. Nc5 Nf4 20. Bf1 Qf6 21. Ne4 Qe5 22. Qe3 Bd5 23. Nc3 Rfe8 24. Qxe5+ Rxe5 {1-0 Chen,Q (2466)-Yirik,V (1957) Titled Tue 6th Feb Early 2024 (2)}) ({RR} 10. O-O d5 11. exd5 exd5 12. Rc1 Nh5 13. Ncb5 Nxd4 14. Nxd4 dxc4 15. Bxc4 Bd7 16. Qb3 Rc8 17. Rfd1 Bxd4 18. Rxd4 Rc7 19. Rcd1 Qc8 20. Bh6 Ng7 21. Qc3 Nf5 22. Bxf8 Nxd4 23. Qxd4 Qxf8 24. Qf4 Ba4 {1-0 Saydaliev,S (2448)-Bernadskiy,V (2563) UzChess Cup Futures 2024 (2.3)}) 10... d5 11. Nxc6 bxc6 12. e5 Nd7 13. f4 Qh4+ 14. Ke2 d4 15. Bxd4 Qxf4 16. Be4 Rb8 17. b3 c5 18. Rf1 Qg5 19. Be3 Qh5+ 20. Rf3 Bxe5 21. Bc6 Bxc3 22. Rxc3 Ne5 23. g4 Qh4 24. Bf4 Nxf3 25. Bxf3 e5 26. Bxe5 Rb6 27. Bd5 Re8 28. Re3 Qg5 29. Qa1 Bb7 30. Qc3 Bxd5 31. cxd5 f6 32. Bf4 Rxe3+ 33. Qxe3 Qxd5 34. Qe8+ Kg7 35. Qe7+ Kg8 36. Qe8+ Kg7 37. Qe7+ 1/2-1/2

[Event "Olympiad Women 2024"]
[Site "Budapest HUN"]
[Date "2024.09.15"]
[Round "5.19"]
[Board "1"]
[White "Wafa, Shrook"]
[Black "Linares Napoles, Oleiny"]
[Result "1/2-1/2"]
[WhiteElo "2137"]
[BlackElo "2201"]
[PlyCount "80"]
[EventDate "2024.09.11"]
[WhiteTeam "Egypt"]
[BlackTeam "Cuba"]
[WhiteTeamCountry "EGY"]
[BlackTeamCountry "CUB"]

1. e4 c5 2. Nf3 e6 3. g3 b6 4. Bg2 Bb7 5. Nc3 a6 6. O-O d6 7. d4 cxd4 8. Nxd4 Be7 9. Qe2 Qc7 10. Rd1 Nf6 11. Bg5 $146 ({RR} 11. a4 O-O 12. g4 Nc6 13. Nxc6 Bxc6 14. g5 Nd7 15. Rd3 Rfe8 16. Bf4 b5 17. axb5 axb5 18. Rxa8 Rxa8 19. Rd1 e5 20. Be3 b4 21. Nd5 Bxd5 22. exd5 Qb7 23. Be4 Bd8 24. Kg2 Ra5 25. Qc4 Nc5 {½-½ Rjabzev,K (2315)-Zakhartsov,V (2443) Voronezh op-A 20th 2016 (8)}) 11... O-O 12. e5 dxe5 13. Bxb7 Qxb7 14. Qxe5 Nc6 15. Qe2 Nxd4 16. Rxd4 Rfd8 17. Rad1 Rxd4 18. Rxd4 h6 19. Bxf6 Bxf6 20. Rd3 Qc6 21. Nd1 Rc8 22. c3 b5 23. Ne3 g6 24. Qd2 h5 25. Rd6 Qb7 26. Qd3 Kg7 27. a3 Rc7 28. Qd1 Be5 29. Rd8 Bf6 30. Rd3 Qe4 31. h4 Be7 32. Rd4 Qc6 33. Nc2 Bc5 34. Rd3 Qe4 35. Nd4 Qg4 36. Qe1 Bxd4 37. Rxd4 Qf5 38. Qd2 Rc5 39. Kg2 Rd5 40. b3 Qe5 1/2-1/2

[Event "Olympiad Women 2024"]
[Site "Budapest HUN"]
[Date "2024.09.15"]
[Round "5.19"]
[Board "2"]
[White "Arribas Robaina, Maritza"]
[Black "Wafa, Shahenda"]
[Result "1-0"]
[WhiteElo "2143"]
[BlackElo "2102"]
[PlyCount "63"]
[EventDate "2024.09.11"]
[WhiteTeam "Cuba"]
[BlackTeam "Egypt"]
[WhiteTeamCountry "CUB"]
[BlackTeamCountry "EGY"]

1. e4 c5 2. Nf3 d6 3. Bb5+ Bd7 4. Bxd7+ Nxd7 5. c4 Ngf6 6. Nc3 e6 7. O-O a6 ({RR} 7... Be7 8. b3 O-O 9. d4 cxd4 10. Nxd4 a6 11. Bb2 {½-½ Bologan,V (2620)-Novikov,I (2614) MK Cafe Cup-A 1999 (10)}) ({RR} 7... Be7 8. d3 O-O 9. Bg5 a6 10. Qe2 Qc7 11. Nd2 Rfe8 12. f4 h6 13. Bxf6 Bxf6 14. Rae1 Rab8 15. f5 b5 16. fxe6 fxe6 17. Qh5 Rf8 18. Qh3 Rfe8 19. Re2 b4 20. Nd1 Nf8 21. Nf3 Nh7 22. Nf2 {1-0 Arribas Robaina,M (2314)-Vargas,P (2044) Bogota McGregor op 4th 2013 (5)}) 8. d4 ({RR} 8. b3 Ne5 9. Bb2 Be7 10. d3 O-O 11. Nb1 Nfd7 12. Nxe5 Nxe5 13. f4 Nc6 14. Nd2 Bf6 15. Bxf6 Qxf6 16. Nf3 b5 17. Qd2 Rad8 18. Rfd1 d5 19. cxd5 exd5 20. e5 Qf5 21. Rac1 c4 22. g3 f6 {0-1 Piesik,P (2421)-Stribuk,A (2403) Titled Tue 16th Jan Early 2024 (10)}) 8... cxd4 9. Qxd4 Qa5 $146 ({RR} 9... Be7 10. b3 O-O 11. Bb2 Qc7 12. Rac1 Rac8 13. Rfd1 Rfd8 14. h3 Ne5 15. Qe3 Nxf3+ 16. Qxf3 Nd7 17. Qg3 Nf6 18. Kh1 Qc5 19. Ne2 Nh5 20. Qf3 Rc7 21. Bd4 Qc6 22. Qxh5 {1-0 Velicka,P (2430)-Kudlacek,F Filseck op 2nd 1998}) ({RR} 9... Rc8 10. b3 Be7 11. Bb2 O-O 12. Qd2 b5 13. cxb5 axb5 14. e5 dxe5 15. Nxb5 e4 16. Nfd4 Ne5 17. Rac1 Bc5 18. b4 Be7 19. Rxc8 Qxc8 20. Rc1 Qb8 21. a3 Rd8 22. Qe2 Nd3 23. Nc6 Nxc1 24. Bxc1 {½-½ Ionescu,I (2330)-Glodeanu,I (2340) Miercurea Ciuc op 1998 (9)}) 10. Bd2 Qc5 11. Qd3 Rc8 12. Rac1 Be7 13. Nd5 Qc6 14. Nd4 Qc5 15. Bb4 Ne5 16. Qd1 Qa7 17. Nxe7 Rd8 18. Nf3 Nxf3+ 19. Qxf3 Kxe7 20. e5 Nd7 21. Bxd6+ Ke8 22. c5 f6 23. Rfd1 Rc8 24. Qh5+ g6 25. Qh4 h5 26. exf6 Kf7 27. b4 a5 28. b5 g5 29. Qxg5 Rcg8 30. Qe3 Rc8 31. Be7 Nb8 32. Rd6 1-0

[Event "Olympiad Women 2024"]
[Site "Budapest HUN"]
[Date "2024.09.15"]
[Round "5.19"]
[Board "3"]
[White "Romany, Joy"]
[Black "Miranda Llanes, Yerisbel"]
[Result "0-1"]
[WhiteElo "2012"]
[BlackElo "2294"]
[PlyCount "70"]
[EventDate "2024.09.11"]
[WhiteTeam "Egypt"]
[BlackTeam "Cuba"]
[WhiteTeamCountry "EGY"]
[BlackTeamCountry "CUB"]

1. d4 Nf6 2. c4 g6 3. Nc3 Bg7 4. e4 d6 5. Be2 O-O 6. Bg5 Na6 7. Qd2 e5 8. d5 Qe8 9. f3 Nh5 10. Bh6 f5 11. Bxg7 Kxg7 12. exf5 gxf5 13. Nh3 Qg6 $146 ({RR} 13... Kh8 14. f4 Nf6 15. fxe5 dxe5 16. Qh6 Bd7 17. Ng5 Qg6 18. Qxg6 hxg6 19. O-O-O Rae8 20. Rde1 e4 21. Nh3 Kg7 22. Nf4 g5 23. Nh5+ Nxh5 24. Bxh5 Re7 25. Bd1 Nb4 26. Be2 a5 27. a3 Na6 28. Bd1 {1-0 Flear,C (2149)-Iwanesko,A (2012) FRA-chT2 South 0708 2007 (3.7)}) 14. O-O-O Bd7 15. g4 fxg4 16. Rhg1 Kh8 17. Nf2 Nf4 18. Bf1 Qh6 19. Nxg4 Bxg4 20. Rxg4 Nc5 21. Kb1 a5 22. Nb5 Rf7 23. h4 Qf6 24. Be2 a4 25. Rdg1 c6 26. dxc6 bxc6 27. Nxd6 Rd7 28. Ne4 Qf5 29. Qa5 Rad8 30. Qxc5 Nxe2 31. Re1 Nd4 32. Rg5 Qf4 33. Nd2 Nxf3 34. Nxf3 Rd1+ 35. Kc2 Qc1# 0-1

[Event "Olympiad Women 2024"]
[Site "Budapest HUN"]
[Date "2024.09.15"]
[Round "5.19"]
[Board "4"]
[White "Forgas Moreno, Yaniela"]
[Black "Allam, Yara"]
[Result "1-0"]
[WhiteElo "2203"]
[BlackElo "1920"]
[PlyCount "53"]
[EventDate "2024.09.11"]
[WhiteTeam "Cuba"]
[BlackTeam "Egypt"]
[WhiteTeamCountry "CUB"]
[BlackTeamCountry "EGY"]

1. e4 c5 2. Nf3 e6 3. Nc3 Nc6 4. d4 cxd4 5. Nxd4 Be7 6. Nxc6 bxc6 7. Bd3 d5 8. O-O Nf6 9. Qe2 Qc7 ({RR} 9... O-O 10. b3 Nd7 11. Bb2 Nc5 12. Rfd1 a5 13. Ba3 Re8 14. Bxc5 Bxc5 15. Na4 Ba7 16. c4 Bd4 17. Rac1 e5 18. cxd5 cxd5 19. Bb5 Bd7 20. exd5 Bxb5 21. Qxb5 Rb8 22. Qc6 Rc8 23. Qxc8 Qxc8 24. Rxc8 {½-½ Kholmov,R (2540)-Dolmatov,S (2495) URS-ch46 Semifinal 1978}) 10. Kh1 ({RR} 10. exd5 cxd5 11. Nb5 Qb6 12. Be3 Qd8 13. Nxa7 Bd7 14. Nb5 O-O 15. a4 Qc8 16. Bd4 Qb7 17. b3 Rfc8 18. Qe5 Ne8 19. f4 Bf6 20. Qe3 Bxd4 21. Qxd4 Bxb5 22. axb5 Rxa1 23. Rxa1 Nd6 24. c4 g6 {1-0 Aldokhin,I (2413)-Lehtosaari,M (2188) Titled Tue 21st Feb Early 2023 (5)}) 10... O-O 11. f4 dxe4 $146 ({RR} 11... Nd7 12. exd5 cxd5 13. Nxd5 exd5 14. Qxe7 Bb7 15. Qh4 g6 16. f5 Qc6 17. Qd4 Qf6 18. Qxf6 Nxf6 19. Bh6 Ne4 20. Bxf8 Rxf8 21. Kg1 Nd2 22. Rfe1 Nc4 23. Re7 Nd6 24. Rd7 {1-0 Schulz,T-Renell,S Kiel op 15th 2002 (1)}) ({RR} 11... Bb7 12. Bd2 c5 13. exd5 exd5 14. Rae1 Rfe8 15. Bb5 Bc6 16. Bxc6 Qxc6 17. Qb5 Qc8 18. Qd3 c4 19. Qd4 Qf5 20. Re5 Qxc2 21. Bc1 Bd6 22. Rxe8+ Rxe8 23. Nxd5 Nxd5 24. Qxd5 Bb4 25. Qd1 Qd3 26. b3 {0-1 Perez Manas,B (2303)-Bru Rullo,L (2298) Catalunya-chT Gp2 2019 (2.6)}) 12. Nxe4 Nxe4 13. Bxe4 Rb8 14. c3 c5 15. Be3 Bd7 16. Rad1 Rfd8 17. f5 exf5 18. Bf4 Qb6 19. Bxb8 Qxb8 20. Bxf5 Bxf5 21. Qxe7 Re8 22. Qxc5 Be6 23. b3 h6 24. c4 Qb7 25. Rd6 Qe4 26. Qc6 Qxc6 27. Rxc6 1-0

[Event "Olympiad Women 2024"]
[Site "Budapest HUN"]
[Date "2024.09.15"]
[Round "5.20"]
[Board "1"]
[White "Theissl Pokorna, Regina"]
[Black "Wagener, Anna"]
[Result "1-0"]
[WhiteElo "2302"]
[BlackElo "2251"]
[PlyCount "79"]
[EventDate "2024.09.11"]
[WhiteTeam "Austria"]
[BlackTeam "Luxembourg"]
[WhiteTeamCountry "AUT"]
[BlackTeamCountry "LUX"]

1. e4 c5 2. c3 d5 3. exd5 Qxd5 4. d4 Nf6 5. Nf3 e6 6. Na3 Be7 7. Nb5 Na6 8. Be2 cxd4 ({RR} 8... O-O 9. Bf4 Bd7 10. O-O Rfd8 11. Re1 Be8 12. a4 Qc6 13. Ne5 Qc8 14. Qb3 Nd5 15. Bg3 cxd4 16. Nxd4 Nc5 17. Qc2 f6 18. Nd3 Bg6 19. Nb3 Ne3 20. fxe3 Nxd3 21. Bxd3 Bxd3 22. Qf2 e5 23. Nd2 {0-1 Rabiega,R (2503)-Horvath,J (2551) AUT-chT 0102 2001 (10.2)}) ({RR} 8... Bd7 9. O-O cxd4 10. Nfxd4 e5 11. c4 Qc5 12. Nb3 Qc6 13. Bg5 h6 14. Bf3 Qxc4 15. Bxf6 Bxb5 16. Bxg7 Rg8 17. Bxe5 Qxf1+ 18. Qxf1 Bxf1 19. Kxf1 Nc5 20. Nxc5 Bxc5 21. Bxb7 Rd8 22. Rc1 Bb6 23. Bf6 {1-0 Hoang,C (2408)-Tran,M (2406) VIE-ch Ho Chi Minh City 2018 (9)}) 9. Nbxd4 O-O 10. Bf4 $146 ({RR} 10. O-O Rd8 11. Bf4 Qc5 12. Qc2 Bd7 13. Rac1 Rac8 14. c4 Be8 15. Rfd1 Nb4 16. Qb1 Nc6 17. Be3 Nxd4 18. Bxd4 {½-½ Vorotnikov,V (2415)-Chekhov,V (2525) Moscow7 op 1991}) ({RR} 10. O-O Rd8 11. Bf4 Bd6 12. Bxd6 Qxd6 13. Qc2 e5 14. Nf5 Qc7 15. Rad1 Rxd1 16. Rxd1 Be6 17. Bxa6 bxa6 18. Ng5 Bd5 19. Ne3 Bc6 20. Ng4 Qe7 21. Nxf6+ Qxf6 22. Qxh7+ Kf8 23. h4 a5 24. Qd3 Kg8 {1-0 Nadyrhanov,S (2490)-Poluljahov,A (2460) Novorossiysk 1995}) 10... Bd6 11. Bxd6 Qxd6 12. O-O Nc7 13. a4 Bd7 14. Nb5 Nxb5 15. axb5 Qc5 16. Qd4 Qxd4 17. Nxd4 e5 18. Nb3 b6 19. Rfd1 Be6 20. Nd2 Rfd8 21. Nf3 Rxd1+ 22. Rxd1 Re8 23. Ra1 Re7 24. Nxe5 Bg4 25. Bxg4 Rxe5 26. Bf3 g5 27. Bc6 Re2 28. h3 Rxb2 29. Rxa7 Rc2 30. Rb7 Rxc3 31. Rxb6 g4 32. Ra6 Kg7 33. Ra4 gxh3 34. gxh3 Ng8 35. Rb4 Ne7 36. Bg2 Rc8 37. b6 Nf5 38. b7 Rb8 39. Rb6 h6 40. Ra6 1-0

[Event "Olympiad Women 2024"]
[Site "Budapest HUN"]
[Date "2024.09.15"]
[Round "5.20"]
[Board "2"]
[White "Steil-Antoni, Fiona"]
[Black "Newrkla, Katharina"]
[Result "1/2-1/2"]
[WhiteElo "2085"]
[BlackElo "2208"]
[PlyCount "58"]
[EventDate "2024.09.11"]
[WhiteTeam "Luxembourg"]
[BlackTeam "Austria"]
[WhiteTeamCountry "LUX"]
[BlackTeamCountry "AUT"]

1. e4 c5 2. c3 Nf6 3. e5 Nd5 4. d4 cxd4 5. Qxd4 e6 6. Bd3 Nc6 7. Qe4 d6 8. Nf3 dxe5 9. Nxe5 Bd6 10. Nxc6 bxc6 11. O-O f5 12. Qe2 O-O 13. Bc2 $146 ({RR} 13. Nd2 e5 14. Nc4 e4 15. Bc2 Bc7 16. Rd1 Qh4 17. g3 Qh3 18. Qf1 Qh5 19. Bd2 Ba6 20. b3 Rae8 21. Qg2 Kh8 22. Na5 Bxa5 23. c4 Bxd2 24. cxd5 e3 25. fxe3 Bxe3+ 26. Kh1 cxd5 27. Rxd5 Bb7 {0-1 Rebolledo,J-Echavarria,J (2379) Dos Hermanas Internet qual-C 10th blitz 2009 (1)}) 13... Qc7 14. h3 Kh8 15. Rd1 Bb7 16. c4 Nb4 17. a3 Nxc2 18. Qxc2 c5 19. Nc3 Qc6 20. f3 Rae8 21. Qa4 Qb6 22. Qb5 Qc7 23. Rxd6 Qxd6 24. Qxb7 Rb8 25. Qxa7 Ra8 26. Qb7 Rab8 27. Qa7 Ra8 28. Qb7 Rab8 29. Qa7 Ra8 1/2-1/2

[Event "Olympiad Women 2024"]
[Site "Budapest HUN"]
[Date "2024.09.15"]
[Round "5.20"]
[Board "3"]
[White "Exler, Veronika"]
[Black "Bakalarz, Grazyna"]
[Result "1-0"]
[WhiteElo "2176"]
[BlackElo "1928"]
[PlyCount "71"]
[EventDate "2024.09.11"]
[WhiteTeam "Austria"]
[BlackTeam "Luxembourg"]
[WhiteTeamCountry "AUT"]
[BlackTeamCountry "LUX"]

1. d4 Nf6 2. c4 e6 3. Nf3 d5 4. g3 Be7 5. Bg2 O-O 6. Qc2 Nc6 7. O-O Nb4 ({RR} 7... h6 8. Rd1 Nb4 9. Qb3 c5 10. Nc3 cxd4 11. Nxd4 e5 12. Nc2 Nxc2 13. Qxc2 d4 14. e3 Bc5 15. Na4 Qd6 16. a3 a6 17. b4 Ba7 18. c5 Qd8 19. exd4 exd4 20. Bb2 Qc7 21. Rxd4 Bd7 22. Rad1 {1-0 Vodnik,V (1661)-Gratton,D (1691) 28th HIT Open 2024 (3.41)}) 8. Qb3 c5 ({RR} 8... a5 9. a3 Nc6 10. Bf4 a4 11. Qc2 dxc4 12. Qxc4 Nd5 13. Nc3 Nb6 14. Qd3 Bd7 15. Rad1 Na5 16. h4 Nac4 17. Ng5 Bxg5 18. Bxg5 Qe8 19. Bc1 Bc6 20. e4 Rd8 21. Rfe1 f6 22. g4 Qf7 23. Qg3 {1-0 Topalov,V (2772)-Kasimdzhanov,R (2677) Leon 20th rapid 2007 (1.1)}) 9. cxd5 $146 ({RR} 9. a3 Nc6 10. Rd1 Na5 11. Qc2 Nxc4 12. dxc5 Ne4 13. b4 a5 14. Nbd2 Ncxd2 15. Nxd2 Nxd2 16. Bxd2 axb4 17. axb4 Rxa1 18. Rxa1 b6 19. c6 b5 20. e4 Qc7 21. exd5 exd5 22. Bxd5 Qe5 23. Qa2 Qd4 {½-½ Karathymios,K (1531)-Regginos,D Lympia Cyprus-ch op 2020 (3)}) 9... Qxd5 10. Qxd5 Nfxd5 11. Na3 cxd4 12. Nxd4 e5 13. Ndc2 Nxc2 14. Nxc2 Be6 15. Ne3 Rfd8 16. Nxd5 Bxd5 17. Be3 b6 18. Rfd1 Bxg2 19. Kxg2 f6 20. a4 Kf7 21. Rxd8 Bxd8 22. Rc1 Ke6 23. f4 exf4 24. gxf4 h5 25. Kf3 g6 26. Bd4 Kd5 27. Rd1 Ke6 28. Rc1 Kd5 29. Bf2 Be7 30. e4+ Ke6 31. Rc7 Bf8 32. Rc6+ Kf7 33. Bd4 Be7 34. Rc7 Ke6 35. Bc3 a5 36. Rc6+ 1-0